000 00319nam a22001337a 4500
020 _a9694429439
040 _cNust
082 _a891.4393
_bHAM
100 _aA. Hameed
_99242
245 _aRaw Ki Sazish
260 _aLahore:
_bMaqbool academy publishers,
_c1997.
650 _aRaw Ki Sazish
_9127263
942 _2ddc
_cBK
999 _c612457
_d612457